Normal view
MARC view
Entry Personal Name
001 - CONTROL NUMBER
- control field: 536371
003 - CONTROL NUMBER IDENTIFIER
- control field: OSt
005 - DATE AND TIME OF LATEST TRANSACTION
- control field: 20220930075343.0
008 - FIXED-LENGTH DATA ELEMENTS
- fixed length control field: 220930|| aca||aabn | a|a d
040 ## - CATALOGING SOURCE
- Original cataloging agency: OSt
- Transcribing agency: OSt
100 ## - HEADING--PERSONAL NAME
- Personal name: Dr. S. Z. H. Jafri Gu
670 ## - SOURCE DATA FOUND
- Source citation: Work cat.: (OSt)868113: Siddiqui Sameena Hasan 536370, History and the administration of the shrine of Shaikh Nizamuddin Auliya upto c. 1880's, 2002
